[Japanese souvenir eki stamp album].

Accordion book with laquer style cover containing over 27 seal stamps collected from train stations, attractions, and temples or shrines around Japan such as Kyoto, Miyajima and Nikkō. Stamps printed on both side of folded page. Most are red in color. 3 are dated "32.10.13". Multiple image...

Full description

Bibliographic Details
Format: Manuscript
Language:Japanese
Subjects:

MARC

Tag First Indicator Second Indicator Subfields
LEADER 00000ctm a2200000Ki 4500
001 in00004047021
005 20180514104733.0
008 180514s1932 ja a 000 0 jpn d
035 |a (OCoLC)on1035555610 
040 |a TXA  |b eng  |e rda  |c TXA  |d TXA 
035 |a (OCoLC)1035555610 
043 |a a-ja--- 
090 |a CD6247  |b .J37 1932 
049 |a TXAM 
245 0 0 |a [Japanese souvenir eki stamp album]. 
264 0 |c [1932?] 
300 |a 1 volume :  |b color illustrations ;  |c 9 cm 
336 |a still image  |b sti  |2 rdacontent 
337 |a unmediated  |b n  |2 rdamedia 
338 |a volume  |b nc  |2 rdacarrier 
500 |a Title devised by cataloger. 
520 |a Accordion book with laquer style cover containing over 27 seal stamps collected from train stations, attractions, and temples or shrines around Japan such as Kyoto, Miyajima and Nikkō. Stamps printed on both side of folded page. Most are red in color. 3 are dated "32.10.13". Multiple images of the sacred deer at Nara Park. 
650 0 |a Stamp seals  |z Japan. 
650 0 |a Buddhist temples  |z Japan  |z Kyoto  |x Seals. 
650 0 |a Souvenirs (Keepsakes)  |z Japan. 
880 |6 500-00  |a There are thousands of train stations (eki) throughout Japan. Most of these stations have a unique seal stamps (shuin 朱印) that highlight a particular attraction or novelty that the town or area is known for, from festivals to bridges to food. The stamp designs are highly detailed. Special blank albums were bought to be stamped at each tourist stop. 
994 |a C0  |b TXA 
948 |a cataloged  |b h  |c 2018/5/14  |d o  |e nbehmer  |f 10:47:27 am 
999 f f |s 9edd111f-c557-3403-a697-ca81cef87724  |i 907d4164-7a7c-34f8-a456-89a65dbacb2d  |t 0 
952 f f |p noncirc  |a Texas A&M University  |b College Station  |c Cushing Memorial Library & Archives  |d Cushing: Literature/Mitchell (Does not check out)  |t 0  |e CD6247 .J37 1932  |h Library of Congress classification  |i unmediated -- volume  |m A14852113332 
998 f f |a CD6247 .J37 1932  |t 0  |l Cushing: Literature/Mitchell (Does not check out)